Top 50 housing associations (Record no. 66574)
[ view plain ]
| 000 -LEADER | |
|---|---|
| fixed length control field | 00955cam a2200205 4500 |
| 001 - CONTROL NUMBER | |
| control field | ABS63708 |
| 008 - FIXED-LENGTH DATA ELEMENTS--GENERAL INFORMATION | |
| fixed length control field | 000000n2001 000 0 eng u |
| 035 ## - SYSTEM CONTROL NUMBER | |
| System control number | (Sirsi) u111740 |
| 100 ## - MAIN ENTRY--PERSONAL NAME | |
| Personal name | Bazlinton, C. |
| 245 ## - TITLE STATEMENT | |
| Title | Top 50 housing associations |
| 260 ## - PUBLICATION, DISTRIBUTION, ETC. | |
| Date of publication, distribution, etc. | 2001 |
| 490 ## - SERIES STATEMENT | |
| Series statement | Building Homes |
| Volume/sequential designation | March 2001, 36-37(2) |
| 520 ## - SUMMARY, ETC. | |
| Summary, etc. | Provides a listing of the top 50 housing associations in 2000 and 2001, ranked according to development programmes. Analyses the listing, which indicates that most of new activity remains in the hands of the same associations. Suggests the overall picture is one of continued growth, and there is a definite shift of spending southwards. Predicts that within three years the housing association sector will have more stock than local authorities. |
| 590 ## - LOCAL NOTE (RLIN) | |
| Local note | ABS |
| 650 ## - SUBJECT ADDED ENTRY--TOPICAL TERM | |
| Topical term or geographic name entry element | HOUSING ASSOCIATIONS |
| 650 ## - SUBJECT ADDED ENTRY--TOPICAL TERM | |
| Topical term or geographic name entry element | RANKINGS |
| 650 ## - SUBJECT ADDED ENTRY--TOPICAL TERM | |
| Topical term or geographic name entry element | DEVELOPMENT PROGRAMMES |
| 690 ## - LOCAL SUBJECT ADDED ENTRY--TOPICAL TERM (OCLC, RLIN) | |
| Topical term or geographic name as entry element | Affordable housing |
| 9 (RLIN) | 6215 |
| 942 ## - ADDED ENTRY ELEMENTS (KOHA) | |
| Suppress in OPAC | 0 |
| Withdrawn status | Lost status | Source of classification or shelving scheme | Damaged status | Not for loan | Home library | Current library | Shelving location | Date acquired | Total Checkouts | Full call number | Barcode | Date last seen | Copy number | Price effective from | Koha item type |
|---|---|---|---|---|---|---|---|---|---|---|---|---|---|---|---|
| Dewey Decimal Classification | London | London | Journal article | 02/04/2001 | ABS63708 | 111740-1001 | 06/08/2019 | 1 | 06/08/2019 | Journal article |